000 00352nam a2200145Ia 4500
008 230711s9999||||xx |||||||||||||| ||und||
041 _aENG
082 _a624
_bKO-S
100 _aKoiter,W.T
245 0 _aTheory of shells
250 _a1st
260 _c1978
_aNew York
_bTata McGraw Hill Education Limited
650 _aCivil Engineering
942 _cBK
999 _c1022
_d1022